الأحاديث القدسيه / (رقم التسجيلة. 26031)
[ عرض عادي ]
| 000 -الفاتح | |
|---|---|
| عناصر البيانات ثابتة الطول | 00573cam a2200181 i 4500 |
| 005 - تاريخ ووقت آخر معاملة | |
| حقل ضبط | 20251108165347.0 |
| 008 - عناصر البيانات ثابتة الطول | |
| عناصر البيانات ثابتة الطول | 250721s1989 jo gr 000 0 ara d |
| 082 14 - رقم تصنيف ديوي العشري | |
| رقم التصنيف | 213 |
| رقم المادة | ا ح ا |
| 245 00 - بيان العنوان | |
| العنوان | الأحاديث القدسيه / |
| 250 ## - بيان الطبعة | |
| بيان الطبعة | الطبعة الاولى. |
| 264 1# - بيانات النشر، التوزيع…إلخ | |
| مكان النشر، التوزيع...إلخ | عمان : |
| اسم الناشر، الموزع...إلخ | دار الفرقان للنشر و التوزيع، |
| تاريخ النشر، التوزيع...إلخ | 1989. |
| 300 ## - الوصف المادي | |
| عدد الوحدات المكونة للوعاء | 1 مجلد |
| 505 0# - تبصرة محتويات مقننة | |
| تبصرة محتويات مقننة | المجلد يحتوي على جزئين [1 - 2] |
| 650 17 - مدخل إضافي بالموضوع - مصطلح موضوعي | |
| مصطلح موضوعي أو اسم جغرافي كعنصر مدخل | القرآن الكريم. |
| 650 17 - مدخل إضافي بالموضوع - مصطلح موضوعي | |
| مصطلح موضوعي أو اسم جغرافي كعنصر مدخل | التفسير. |
| 942 ## - بيانات إضافية (كوها) | |
| نوع التنصيف | Dewey Decimal Classification |
| نوع المادة (كوها) | مراجع |
| حالة السحب | حالة الفقدان | مصدر التصنيف | حالة التلف | غير قابل للإعارة | المكتبة الرئيسية | المكتبة الحالية | موقع الرف | تاريخ التزويد | الرقم المتسلسل | Total Checkouts | رقم الإستدعاء | الباركود | تاريخ آخر ظهور | تاريخ الفاتورة | نوع المادة (كوها) |
|---|---|---|---|---|---|---|---|---|---|---|---|---|---|---|---|
| Dewey Decimal Classification | Not For Loan | المكتبة المركزية | المكتبة المركزية | مراجع | 06/07/2004 | 184206 | م/ 213 / أ ح ا | 184206 | 28/07/2025 | 06/07/2004 | مراجع | ||||
| Dewey Decimal Classification | Not For Loan | مكتبة البراءة للأطفال | مكتبة البراءة للأطفال | مراجع | 18/05/2015 | 1598931 | م/213/أحا | PLD00324756 | 28/07/2025 | 18/05/2015 | مراجع | ||||
| Dewey Decimal Classification | Not For Loan | مكتبة بدر الجديدة للأطفال | مكتبة بدر الجديدة للأطفال | الأطفال | 17/09/2015 | 400062 | م/213/أحا | PLD00348411 | 28/07/2025 | 17/09/2015 | مراجع |